| 000 | 00382nam a2200157Ia 4500 | ||
|---|---|---|---|
| 008 | 230524s9999 xx 000 0 und d | ||
| 082 |
_a610.28 _bDHI |
||
| 100 | _aP L Dhingra | ||
| 245 | 0 | _a"Diseases of Ear,Nose and Throat," | |
| 250 | _a4TH | ||
| 260 |
_aNEW DELHI _bElsevier _c2007 |
||
| 300 | _aXI;417 | ||
| 500 | _aQuantity Number: 6 | ||
| 650 | _aBiomedical | ||
| 942 | _cBK | ||
| 999 |
_c36737 _d36737 |
||